|
|
|
|
| LEADER |
00000nam0a2200000 4500 |
| 001 |
355983 |
| 005 |
20231102010841.0 |
| 035 |
|
|
|a (RuTPU)RU\TPU\retro\13243
|
| 090 |
|
|
|a 355983
|
| 100 |
|
|
|a 20200714d1978 k y0rusy50 ca
|
| 101 |
0 |
|
|a rus
|
| 102 |
|
|
|a RU
|
| 105 |
|
|
|a a z 001zy
|
| 200 |
1 |
|
|a Общие условия магматизма и рудообразования в геосинклиналях
|f Г. М. Власов , О. Г. Борисов , Е. Д. Петраченко, М. И. Попкова
|g Дальневосточный геологический институт АН СССР ; Институт тектоники и геофизики им. Ю. А. Косыгина АН СССР ; под ред. В. Г. Моисеенко
|
| 210 |
|
|
|a Москва
|c Наука
|d 1978
|
| 215 |
|
|
|a 204 с.
|c ил.
|
| 320 |
|
|
|a Библиогр.: с. 188-203
|
| 606 |
1 |
|
|a Геосинклинали
|2 stltpush
|3 (RuTPU)RU\TPU\subj\6223
|9 34157
|
| 610 |
1 |
|
|a магматизм
|
| 610 |
1 |
|
|a рудообразование
|
| 610 |
1 |
|
|a магматические процессы
|
| 610 |
1 |
|
|a рудоотложение
|
| 610 |
1 |
|
|a подводные условия
|
| 610 |
1 |
|
|a геосинклинальные области
|
| 610 |
1 |
|
|a рудогенез
|
| 675 |
|
|
|a 551.242.32
|v 4
|
| 701 |
|
1 |
|a Власов
|b Г. М.
|
| 701 |
|
1 |
|a Борисов
|b О. Г.
|
| 701 |
|
1 |
|a Петраченко
|b Е. Д.
|
| 701 |
|
1 |
|a Попкова
|b М. И.
|
| 702 |
|
1 |
|a Моисеенко
|b В. Г.
|4 340
|
| 712 |
0 |
2 |
|a Академия наук СССР
|b Дальневосточный научный центр
|b Дальневосточный геологический институт
|c (Владивосток)
|2 stltpush
|3 (RuTPU)RU\TPU\col\11563
|9 25185
|
| 712 |
0 |
2 |
|a Академия наук СССР
|b Дальневосточный научный центр
|b Институт тектоники и геофизики им. Ю. А. Косыгина
|c (Хабаровск)
|2 stltpush
|3 (RuTPU)RU\TPU\col\11505
|9 25139
|
| 801 |
|
1 |
|a RU
|b 63413507
|c 20200714
|
| 801 |
|
2 |
|a RU
|b 63413507
|c 20210215
|g RCR
|
| 942 |
|
|
|c BK
|